LEADER 01120nam a2200229 4500 001 000000365224 003 CaOOAMICUS 005 20251120100745.0 008 251117s1989 it 000 u ita r 040 $aSeMil$bita 245 00$aProtrepticon :$bstudi di letteratura classica ed umanistica : in onore di Giovannangiola Secchi-Tarugi /$ca cura di Sesto Prete. 264 1$aMilano :$bIstituto Francesco Petrarca,$c1989. 300 $a140 p. ;$c24 cm 650 4$aLetteratura - Sec. 15.-16. - Studi.$0(OLS)http://semarc/subject/59024 700 1 $aSecchi Tarugi, Giovannangiola.$0(OLS)http://semarc/name/68946 700 1 $aPrete, Sesto,$d<1919-1991>.$0(OLS)http://semarc/name/75209 850 $aSeMil 852 $aSeMil$W1$xVenegono$y1$m1O V 335$j264611$B256064$CSeMilBibl$Z2$F256064 $81 961 $aBuzzi mons. Franco - Omaggio 996 $6245$aProtrepticon :$bstudi di letteratura classica ed umanistica : in onore di Giovannangiola Secchi-Tarugi$9(OLS)http://semarc/title/456765 996 $6264$aMilano :$bIstituto Francesco Petrarca$9(OLS)http://semarc/publisher/62718 LEADER 00836nam a2200205 i 4500 001 000000183594 003 CaOOAMICUS 005 20250227142336.0 008 091119s1907 fr u000 u fre u 013 $a161562 040 $aSeMil$bita 245 10$a1.2: Traité de Dieu. 260 $aToulouse :$bÉdouard Privat,$c1907. 300 $a455 p. ;$c26 cm. 773 0 $aPègues, Thomas $tCommentaire français littéral de la Somme théologique de saint Thomas d'Aquin.$dToulose : Edouard Privat ; Paris : Téqui, 1907-1931.$g1$w()22497 850 $aSeMil 852 $aSeMil$W1$xVenegono$y1$m2B VI 76$j134294$B134294$CSeMilBibl$Z2$F145918 $81 996 $6245$a1.2: Traité de Dieu$9(OLS)http://semarc/title/452687 996 $6260$aToulouse :$bÉdouard Privat$9(OLS)http://semarc/publisher/35723